000
00319nam a2200133Ia 4500
005
20251222143308.0
008
251222s9999||||xx |||||||||||||| ||spa||
020
_a
84-493-1367-8
082
_a
658.403.8/C75
100
_a
Collison, Chris
245
0
_a
La Gestión del Conocimiento:
264
_b
Paidós
942
_c
LIB
999
_c
15587
_d
15587